Països més a la vora de Catalunya - Statistics

General Stats
  • This quiz has been taken 9 times
  • The average score is 22 of 30
Answer Stats
Km País % Correct
442 Algèria
100%
0 Andorra
100%
6251 Brasil
100%
4134 Canadà
100%
0 Espanya
100%
5248 Estats Units
100%
0 França
100%
360 Itàlia
100%
1217 Líbia
100%
640 Marroc
100%
6616 Surinam
100%
13288 Austràlia
83%
7562 Colòmbia
83%
2964 Israel
83%
2944 Líban
83%
1692 Mauritània
83%
367 Mònaco
83%
13933 Papua Nova Guinea
83%
2882 Síria
83%
720 Tunísia
83%
1892 Turquia
83%
2630 Xipre
67%
6855 Guyana
50%
6887 Veneçuela
50%
6397 Antigua i Barbuda
33%
6513 Barbados
33%
6500 Dominica
17%
12652 Estats Federats de Micronèsia
17%
13518 Illes Marshall
17%
12564 Palau
17%
No matching quizzes found
Score Distribution
Percent of People with Each Score
Percentile by Number Answered
Your Score History
You have not taken this quiz